000 00637cam a2200145 4500500
005 20260208010541.0
041 _afre
042 _adc
100 1 0 _aBrès, Yvon
_eauthor
245 0 0 _aSerge Wüthrich. — Le Magnificat, témoin d’un pacte socio-politique dans le contexte de Luc-Actes, vol. 2, Berne, Peter Lang, 2003, coll. « Christianismes anciens », 213 p.
260 _c2005.
500 _a39
786 0 _nRevue philosophique de la France et de l'étranger | 130 | 1 | 2005-03-01 | p. 77zs-130zs | 0035-3833
856 4 1 _uhttps://shs.cairn.info/revue-philosophique-2005-1-page-77zs?lang=fr&redirect-ssocas=7080
999 _c1657084
_d1657084